书目信息 |
| 题名: |
中国神话故事
|
|
| 作者: | 朋羽 主编 | |
| 分册: | A卷 | |
| 出版信息: | 乌鲁木齐 新疆青少年出版社 2005 |
|
| 页数: | 310页 | |
| 开本: | 21cm | |
| 丛书名: | ||
| 单 册: | ||
| 中图分类: | I277.5 | |
| 科图分类: | ||
| 主题词: | 神话--中国--选集 , 神话 | |
| 电子资源: | ||
| ISBN: | 7-5371-2403-5 | |
| 000 | 00778nam0 2200253 45 | |
| 001 | 012006040421 | |
| 005 | 20070709153919.06 | |
| 010 | @a7-5371-2403-5@dCNY46.00(2册) | |
| 092 | @aCN@b489585 | |
| 100 | @a20060404d2005 em y0chiy0121 ea | |
| 101 | 0 | @achi |
| 102 | @aCN@b650000 | |
| 105 | @aa z 000fy | |
| 200 | 1 | @a中国神话故事@9zhong guo shen hua gu shi@hA卷@f朋羽主编 |
| 205 | @a修订版 | |
| 210 | @a乌鲁木齐@c新疆青少年出版社@d2005 | |
| 215 | @a310页@c图@d21cm | |
| 330 | @a全书分A、B两卷,收录了“盘古开天地”、“女娲造人”、“暖人的黑石头”、“凤凰山传奇”、“三儿子的礼物”等神话。 | |
| 606 | 0 | @a神话@y中国@j选集 |
| 606 | 0 | @a神话 |
| 690 | @aI277.5@v4 | |
| 701 | 0 | @a朋羽@9peng yu@4主编 |
| 801 | 0 | @aCN@bLZJBOOK@c20070709 |
| 905 | @a10447@dI277.5@e182:1=2 | |
| 中国神话故事.A卷/朋羽主编.-修订版.-乌鲁木齐:新疆青少年出版社,2005 |
| 310页:图;21cm |
| ISBN 7-5371-2403-5:CNY46.00(2册) |
| 全书分A、B两卷,收录了“盘古开天地”、“女娲造人”、“暖人的黑石头”、“凤凰山传奇”、“三儿子的礼物”等神话。 |
| ● |
| 相关链接 |
|
|
|
|
正题名:中国神话故事
索取号:I277.5/182:1=2
 
预约/预借
| 序号 | 登录号 | 条形码 | 馆藏地/架位号 | 状态 | 备注 |
| 1 | 0552324 | 205523245 | 第一样本阅览室/ [索取号:I277.5/182:1=2] | 在馆 | |
| 2 | 0552325 | 205523254 | 第二借阅区/ [索取号:I277.5/182:1=2] | 在馆 | |
| 3 | 0552326 | 205523263 | 第二借阅区/ [索取号:I277.5/182:1=2] | 在馆 | |
| 4 | 0552327 | 205523272 | 第二借阅区/ [索取号:I277.5/182:1=2] |
已借出,限还日期为2015.02.18 借出人:李艳昆 |
|
| 5 | 0552328 | 205523281 | 第二借阅区/ [索取号:I277.5/182:1=2] | 在馆 | |
| 6 | 0552329 | 205523290 | 第二借阅区/ [索取号:I277.5/182:1=2] | 在馆 | |
| 7 | 0552330 | 205523307 | 第二借阅区/ [索取号:I277.5/182:1=2] | 在馆 | |
| 8 | 0552331 | 205523316 | 第二借阅区/ [索取号:I277.5/182:1=2] | 在馆 |